| 000 | 01443nam a2200217 a 4500 | ||
|---|---|---|---|
| 001 | 000030416 | ||
| 005 | 20200930062312.0 | ||
| 008 | 110517s2010 dr f001 0 spa d | ||
| 040 |
_aDO-SdBNP _bspa _cBNPHU |
||
| 082 |
_a342.7293023 _bR426const, 2010 |
||
| 110 | 1 |
_aRepública Dominicana. _9447 |
|
| 240 | 1 | 0 | _aConstitución (2010) |
| 245 | 1 | 0 |
_aConstitución de la República Dominicana : _bproclamada el 26 de enero del año 2010. /. |
| 260 |
_aSanto Domingo : _bSerigraf, _c2010. |
||
| 300 |
_a255 p. ; _c23 cm. |
||
| 505 | 0 |
_gPreámbulo -- _tDe la Nación, del Estado, de su gobierno y de sus principios fundamentales -- _tDe los derechos, garantías y deberes fundamentales -- _tDel Poder Legislativo -- _tDel Poder Ejecutivo -- _tDel Poder Judicial -- _tDel Consejo Nacional de la Magistratura -- _tDel control constitucional -- _tDel Defensor del Pueblo -- _tDel ordenamiento del territorio y de la administración local -- _tDel Sistema electoral -- _tDel régimen económico y financiero y de la Cámara de Cuentas -- _tDe las Fuerzas Armadas, de la Policía Nacional y de la Seguridad y Defensa -- _tDe los Estados de Excepción -- _tDe las Reformas Constitucionales -- _gDisposiciones generales y transitorias -- _gFirmas. |
|
| 590 | _aInventariado, 2018/ YL | ||
| 651 | 4 |
_aRepública Dominicana _xConstitución (2010{Rpara} _935654 |
|
| 651 | 4 |
_aRepública Dominicana _xDerecho Constitucional _99303 |
|
| 910 | _aValidado. Control de calidad EMS | ||
| 999 |
_c29908 _d29908 |
||